Petrography of blueschist stone tools in Hungary

Bibliographic Details
Main Authors: Józsa, Sándor (Author), Szakmány, György (Author), Oravecz, Hargita (Author), Csengery, Piroska (Author)
Format: Article
Language:Slovak
English
ISSN:1335-096X
Subjects:

MARC

LEADER 00000nab a2200000 a 4500
001 vtls000822983
003 SK-MaSNL
005 20260304111113.0
008 250429c2001 xo 0 slo
015 |a SNBRB2003/01-02958 
035 |a CLN000174638 
035 |a urn:nbn:sk:snk-ab9bn4 
035 |a (urnnbn)urn:nbn:sk:snk:ar-a08802 
035 |a (uuid)b0350ee9-b1a7-414a-9998-570d95c40f2e 
040 |a SNKBUCL  |b slo  |c SNKBUCL  |e AACR2 
041 0 |a eng 
044 |a xo  |c SK 
080 |a 903.21(439)"634"  |2 1997 
080 |a 552.48  |2 1997 
245 0 0 |a Petrography of blueschist stone tools in Hungary  |c Sándor Józsa ... [et al.] 
650 0 7 |a industria kamenná  |x bridlice modré  |y neolit  |z Maďarsko  |2 snkbucl  |9 1410742 
650 0 7 |a bridlice modré  |x nástroje neolitické  |z Maďarsko  |2 snkbucl  |9 1410743 
655 7 |a články z novín a časopisov  |2 snkbucl  |9 267496 
700 1 |a Józsa, Sándor  |4 aut  |9 333049 
700 1 |a Szakmány, György  |4 aut  |9 1163708 
700 1 |a Oravecz, Hargita  |4 aut  |9 1163710 
700 1 |a Csengery, Piroska  |4 aut  |9 1410744 
773 0 |t Slovak geological magazine  |g Roč. 7, č. 4 (2001), s. 432  |x 1335-096X 
850 |a Slovenská národná knižnica 
852 |a Slovenská národná knižnica 
958 |a article13 
958 |a OND 
958 |a HU 
958 |a EUIPO 
999 |c 2861739  |d 2863669